000 00465nam a2200133 a 4500
001 000046532
005 20201002052935.0
008 150824s2015 000 spa d
040 _aDO-SdBNP
_bspa
_cBNPHU
100 1 _aMoreno, Guillermo
_931108
245 0 _aDerrotar la reelección para hacer el cambio de rumbo y enderezar este país. /
_cGuillermo Moreno.
260 _aSanto Domingo, República Dominicana, :
_bAlianza País,
_c2015.
300 _a15 p. : ;
_c21 cm.
999 _c46021
_d46021